Macroeconomía (Registro nro. 348)

Detalles MARC
000 -LEADER
fixed length control field 01301 a2200229 4500
001 - CONTROL NUMBER
control field 3751
005 - DATE AND TIME OF LATEST TRANSACTION
control field 20260407155430.0
008 - FIXED-LENGTH DATA ELEMENTS--GENERAL INFORMATION
fixed length control field 260407a2009 arg spa d
003 - CONTROL NUMBER IDENTIFIER
control field AR-UNSa-BCEJYS
040 ## - CATALOGING SOURCE
Original cataloging agency AR-UNSa-BCEJYS
Language of cataloging spa
Transcribing agency AR-UNSa-BCEJYS
080 ## - UNIVERSAL DECIMAL CLASSIFICATION NUMBER
Universal Decimal Classification number 330.101.541
Common auxiliary subdivision Macroeconomía
100 1# - MAIN ENTRY--PERSONAL NAME
Personal name Dornbusch, Rudiger
245 10 - TITLE STATEMENT
Title Macroeconomía
250 ## - EDITION STATEMENT
Edition statement 10a. ed.
264 #1 - PRODUCTION, PUBLICATION, DISTRIBUTION, MANUFACTURE, AND COPYRIGHT NOTICE
Place of production, publication, distribution, manufacture México :
Name of producer, publisher, distributor, manufacturer McGraw-Hill
Date of production, publication, distribution, manufacture, or copyright notice 2009
300 ## - PHYSICAL DESCRIPTION
Extent 659 p.
505 ## - FORMATTED CONTENTS NOTE
Formatted contents note 1. Introducción 2. Contabilidad del ingreso nacional 3. Crecimiento y acumulación 4. Crecimiento y política 5. Oferta y demanda agregadas 6. Oferta agregada: salarios, precios y desempleo 7. Anatomía de la inflación y el desempleo 8. Introducción sobre política 9. Ingreso y gasto 10. Dinero, interés e ingreso 11. Política monetaria y fiscal 12. Vínculos internacionales 13. Consumo y ahorro 14. Gasto en inversión 15. La demanda de dinero 16. Reserva Federal, dinero y crédito 17. Políticas públicas 18. Mercados financieros y precios de los activos 19. Grandes acontecimientos: la economía de la depresión, hiperinflación y déficit 20. Ajustes e interdependencias internacionales 21. Temas avanzados
590 ## - LOCAL NOTE (RLIN)
Local note niveau_biblio:m niveau_hierar:0
700 1# - ADDED ENTRY--PERSONAL NAME
Personal name Fischer, Stanley
700 1# - ADDED ENTRY--PERSONAL NAME
Personal name Startz, Richard
942 ## - ADDED ENTRY ELEMENTS (KOHA)
Koha item type
Existencias
Withdrawn status Lost status Damaged status Not for loan Home library Current library Shelving location Date acquired Total checkouts Full call number Barcode Date last seen Price effective from Koha item type
        Biblioteca Prof. Eusebio Cleto del Rey Biblioteca Prof. Eusebio Cleto del Rey   07/04/2026   330.101.541 D713 10ed. L117809 07/04/2026 07/04/2026 Libro